Revolutions: A Very Short Introduction

Bibliographic Details
Main Author: Jack A. Goldstone
Format: Unknown
LEADER 00200 a2200085 4500
020 |a 9780197666302 
100 |a Jack A. Goldstone  |9 60343 
245 |a Revolutions: A Very Short Introduction 
942 |c BK 
999 |c 47741  |d 47741